[Event "14th SRB-ch 2020"]
[Site "Vrnjacka Banja"]
[Date "2020.12.11"]
[Round "7.3"]
[White "Cabarkapa, Novak"]
[Black "Kovacevic, Aleksandar"]
[Result "0-1"]
[WhiteElo "2463"]
[BlackElo "2480"]
[Annotator "ChessBase"]
[PlyCount "74"]
[EventDate "2020.12.07"]
[EventType "tourn"]
[EventCountry "SRB"]
[SourceTitle "playchess.com"]
[Source "ChessBase"]
[SourceQuality "1"]
[TimeControl "40/5400+30:1800+30"]

1. c4 {[%emt 0:00:00]} e6 {[%emt 0:00:00]} 2. Nc3 {[%emt 0:00:00]} d5 {[%emt 0:00:15]} 3. e3 {[%emt 0:00:51]} Nf6 {[%emt 0:00:53]} 4. Nf3 {[%emt 0:00:08]} Be7 {[%emt 0:02:01]} 5. b3 {[%emt 0:01:03]} O-O {[%emt 0:01:47]} 6. Bb2 {[%emt 0:00:07]} b6 {[%emt 0:03:16]} 7. cxd5 {[%emt 0:00:16]} exd5 {[%emt 0:01:11]} 8. d4 {[%emt 0:00:10]} c5 {[%emt 0:05:19]} 9. Be2 {[%emt 0:10:14]} Bb7 {[%emt 0:01:25]} 10. O-O {[%emt 0:01:18]} Nbd7 {[%emt 0:01:16]} 11. Rc1 {[%emt 0:00:49]} Rc8 {[%emt 0:00:55]} 12. Bd3 {[%emt 0:00:54]} Bd6 {[%emt 0:06:49]} 13. Ne2 {[%emt 0:03:05]} Re8 {[%emt 0:20:49]} 14. Ng3 {[%emt 0:10:55]} Ne4 {[%emt 0:09:28]} 15. dxc5 {[%emt 0:15:13]} Nxg3 {[%emt 0:00:20]} 16. fxg3 {[%emt 0:06:50]} Bxc5 {[%emt 0:10:42]} 17. Nh4 {[%emt 0:09:26]} Bxe3+ {[%emt 0:02:00]} 18. Kh1 {[%emt 0:00:06]} Rxc1 {[%emt 0:04:37]} 19. Bxc1 {[%emt 0:14:28]} Bxc1 {[%emt 0:00:12]} 20. Qxc1 {[%emt 0:00:31]} Ne5 {[%emt 0:01:46]} 21. Qf4 {[%emt 0:04:36]} d4 {[%emt 0:05:29]} 22. Bc4 {[%emt 0:03:06]} g5 {[%emt 0:12:19]} 23. Qf2 {[%emt 0:11:03]} Bd5 {[%emt 0:03:48]} 24. Bxd5 {[%emt 0:01:15]} Qxd5 {[%emt 0:00:03]} 25. Nf5 {[%emt 0:00:27]} d3 {[%emt 0:00:22]} 26. Nh6+ {[%emt 0:01:08]} Kf8 {[%emt 0:00:13]} 27. Qf6 {[%emt 0:00:09]} Re6 {[%emt 0:02:19]} 28. Qh8+ {[%emt 0:00:48]} Ke7 {[%emt 0:00:05]} 29. Ng8+ {[%emt 0:00:27]} Kd6 {[%emt 0:01:40]} 30. Nf6 {[%emt 0:00:11]} Qb7 {[%emt 0:00:16]} 31. Qd8+ {[%emt 0:01:34]} Nd7 {[%emt 0:00:13]} 32. Ne8+ {[%emt 0:00:17]} Kc6 {[%emt 0:01:43]} 33. Ng7 {[%emt 0:00:40]} Re5 {[%emt 0:00:38]} 34. Nf5 {[%emt 0:02:42]} d2 {[%emt 0:00:29]} 35. Nd4+ {[%emt 0:01:13]} Kd6 {[%emt 0:00:04]} 36. Nf3 {[%emt 0:00:27]} Qxf3 {[%emt 0:00:14]} 37. gxf3 {[%emt 0:01:20]} Re1 {[%emt 0:00:07]} 0-1

[Event "14th SRB-ch 2020"]
[Site "Vrnjacka Banja"]
[Date "2020.12.11"]
[Round "7.4"]
[White "Todorovic, Goran M"]
[Black "Markus, Robert"]
[Result "1/2-1/2"]
[WhiteElo "2417"]
[BlackElo "2592"]
[Annotator "TA"]
[PlyCount "35"]
[EventDate "2020.12.07"]
[EventType "tourn"]
[EventCountry "SRB"]
[SourceTitle "playchess.com"]
[Source "ChessBase"]
[SourceQuality "1"]

{[%evp 16,17,55,28]} 1. e4 e6 2. d4 d5 3. Nc3 dxe4 4. Nxe4 Bd7 5. Nf3 Bc6 6. Bd3 Nd7 7. O-O Ngf6 8. Ng3 Be7 {8...g6 is more advanced technology.} 9. b3 {[#]} {Predecessor:} O-O $146 {C10: French with 3 Nc3: Unusual Black 3rd moves and 3...dxe4.} 10. Bb2 a5 11. a3 Re8 12. Re1 Bxf3 13. Qxf3 c6 14. c4 Bf8 15. h4 g6 16. h5 Bg7 17. Rad1 Qb6 18. Bc2 {0-1 (61) Ivanchuk,V (2678)-Medvegy,Z (2524) Europe Echecs INT 2020} 1/2-1/2

[Event "14th SRB-ch 2020"]
[Site "Vrnjacka Banja"]
[Date "2020.12.11"]
[Round "7.5"]
[White "Perunovic, Milos"]
[Black "Indjic, Aleksandar"]
[Result "1/2-1/2"]
[WhiteElo "2576"]
[BlackElo "2604"]
[Annotator "TA"]
[PlyCount "33"]
[EventDate "2020.12.07"]
[EventType "tourn"]
[EventCountry "SRB"]
[SourceTitle "playchess.com"]
[Source "ChessBase"]
[SourceQuality "1"]

{[%evp 9,18,10,16,15,12,14,14,7,12,1,38]} 1. e4 e5 2. Nf3 Nf6 3. d4 Nxe4 4. dxe5 d5 5. Nbd2 Nxd2 {The position is equal.} 6. Bxd2 {C43: Petroff Defence: 3 d4.} Be7 7. Bd3 c5 8. O-O Nc6 (8... c4 $5 9. Be2 $8 Nc6 $11) 9. c3 Bg4 {[#] An uneventful encounter. Not enough moves} {Predecessor:} 10. Re1 $146 Qd7 11. h3 Bh5 12. Bf4 Qe6 13. Be2 O-O 14. Qd2 Bg6 15. Rad1 Be4 16. Ng5 Bxg5 17. Bxg5 {1-0 (38) So,W (2760)-Yu,Y (2738) Jerusalem 2019} 1/2-1/2

[Event "14th SRB-ch 2020"]
[Site "Vrnjacka Banja"]
[Date "2020.12.12"]
[Round "8.1"]
[White "Lajthajm, Borko"]
[Black "Indjic, Aleksandar"]
[Result "1-0"]
[WhiteElo "2383"]
[BlackElo "2604"]
[Annotator "TA"]
[PlyCount "93"]
[EventDate "2020.12.07"]
[EventType "tourn"]
[EventCountry "SRB"]
[SourceTitle "playchess.com"]
[Source "ChessBase"]
[SourceQuality "1"]

{[%evp 9,93,31,45,39,33,33,49,21,33,37,44,45,69,64,74,74,66,53,47,57,59,50,79,74,96,104,114,63,74,85,90,85,86,88,135,94,118,122,100,33,47,43,117,133,185,27,26,17,10,55,282,259,414,402,862,473,747,747,711,707,950,577,495,528,528,545,581,511,908,793,904,711,2553,2531,2470,2406,29985,29986,29986,29987,29987,29986,29986,29987,29987,29988]} 1. e4 g6 2. d4 Bg7 3. Nf3 d6 4. h3 a6 5. a4 b6 6. Bc4 {B06: Modern Defence.} e6 7. O-O {[#]} Ne7 $146 ({Predecessor:} 7... Bb7 8. Re1 h6 9. Nc3 Ne7 10. Bb3 O-O 11. Be3 Nd7 12. Qd2 Kh7 13. Nh2 c5 {1-0 (49) Brunello,R (1939)-De Rosa,M (2083) Bratto 2008}) 8. Qe2 {White is slightly better.} h6 9. Bf4 g5 10. Bg3 Ng6 11. e5 d5 12. Bd3 Nc6 13. c4 Nb4 14. cxd5 Nxd3 15. Qxd3 exd5 16. Nc3 Be6 17. a5 b5 18. Nd1 ({Better is} 18. Nd2 $16) 18... h5 19. Ne3 g4 20. hxg4 hxg4 {[#]} 21. Nh2 $1 Qg5 22. Rfc1 Nf4 23. Qd1 Nh5 24. Nexg4 (24. Nhxg4 $16 Ra7 25. Rc6) 24... Nxg3 25. fxg3 O-O-O {[#]} (25... Kd8 $14) 26. Qc2 $1 $16 {[%csl Gc1][%cal Rc2c7]} Rd7 {[#]} (26... Kd7 $16) 27. Nf2 $2 (27. Qc6 $1 $18 {[%cal Rc6a8]} Kd8 28. Nf2 (28. Qa8+ Ke7 $17) 28... Qxg3 29. Nf1) 27... Qxg3 $11 28. Nf1 $40 {[%mdl 128] Black needs to defend precisely.} Qh4 29. Qc6 {[%cal Rc6a8]} Kd8 $2 {This costs Black the game.} (29... Kb8 $1 $14) 30. Rd1 $18 ({Worse is} 30. Qxa6 Qxd4 31. Qxb5 Bxe5 $11) 30... Rh6 (30... Ke7 $142 31. Qxa6 f6 32. Qxb5 fxe5) 31. Qxa6 f5 (31... Bg4 $142 32. Qxb5 Bxd1) 32. Qa8+ Ke7 33. a6 f4 34. Rd3 Rg6 35. Qc6 {Strongly threatening a7.} Bf5 36. Qc5+ Kf7 37. Rf3 {Black must now prevent a7.} Be4 38. Nd2 Qg5 (38... Bxf3 $142 39. Nxf3 Qg3) 39. g4 Qh4 40. e6+ Kxe6 41. Ndxe4 Rxg4+ 42. Kf1 Qh2 43. Nxg4 {White mates.} Qh1+ 44. Ke2 Qxa1 45. Qc6+ Ke7 46. Nc5 Qxb2+ {[#]} 47. Kf1 $1 {Weighted Error Value: White=0.38/Black=0.53} 1-0

[Event "14th SRB-ch 2020"]
[Site "Vrnjacka Banja"]
[Date "2020.12.12"]
[Round "8.2"]
[White "Markus, Robert"]
[Black "Perunovic, Milos"]
[Result "1/2-1/2"]
[WhiteElo "2592"]
[BlackElo "2576"]
[Annotator "TA"]
[PlyCount "31"]
[EventDate "2020.12.07"]
[EventType "tourn"]
[EventCountry "SRB"]
[SourceTitle "playchess.com"]
[Source "ChessBase"]
[SourceQuality "1"]

{[%evp 14,18,0,0,0,0,1]} 1. d4 d5 2. c4 c6 3. Nc3 Nf6 4. e3 e6 5. Nf3 Nbd7 6. Be2 Bd6 7. O-O O-O 8. b3 b6 $1 {The main line 8...b6 scores better than 8...Ne4. D45: Semi-Slav: 5 e3.} 9. Bb2 Bb7 {[#] A rather calm draw. Not enough moves} {Predecessor:} 10. a4 $146 a5 11. Bd3 Rc8 12. Qe2 c5 13. Nb5 Bb8 14. Ne5 Qe7 15. f4 dxc4 16. bxc4 {0-1 (45) Ding,L (2791)-Carlsen,M (2863) chess24.com INT 2020} 1/2-1/2

[Event "14th SRB-ch 2020"]
[Site "Vrnjacka Banja"]
[Date "2020.12.12"]
[Round "8.3"]
[White "Kovacevic, Aleksandar"]
[Black "Todorovic, Goran M"]
[Result "1-0"]
[WhiteElo "2480"]
[BlackElo "2417"]
[Annotator "TA"]
[PlyCount "113"]
[EventDate "2020.12.07"]
[EventType "tourn"]
[EventCountry "SRB"]
[SourceTitle "playchess.com"]
[Source "ChessBase"]
[SourceQuality "1"]

{[%evp 11,113,34,48,48,50,46,47,39,33,40,42,51,43,45,39,45,47,54,94,91,111,103,158,142,143,152,151,144,150,125,131,114,120,131,164,0,119,119,151,147,197,182,232,211,233,215,383,348,312,260,225,232,404,400,400,392,391,385,402,400,366,351,297,0,291,239,248,0,247,120,241,236,241,233,227,213,207,206,453,447,425,332,480,472,472,472,465,311,361,363,1117,1055,964,619,29969,29969,29969,29970,29979,29980,29980,29980,29980,29981]} 1. e4 c5 2. Nf3 d6 3. Bb5+ Nd7 4. O-O Ngf6 5. Re1 a6 6. Bf1 e5 7. c3 {B51: Sicilian: Moscow Variation (3 Bb5+) without 3...Bd7.} Be7 8. d4 O-O 9. a4 {White is slightly better.} exd4 10. cxd4 d5 {[#]} 11. e5 $146 ({Predecessor:} 11. exd5 Nxd5 12. Bc4 N7b6 13. Ba2 Nb4 14. Nc3 Nxa2 15. Rxa2 Bg4 16. d5 Bf6 17. a5 Bxc3 18. bxc3 Bxf3 19. Qxf3 Qxd5 {0-1 (54) Gallagher,J (2522)-Karthikeyan,M (2530) London 2016}) 11... Ne4 12. Nc3 Nxc3 13. bxc3 c4 14. g3 Re8 15. Bg2 Nf8 16. Nd2 Be6 (16... Qa5 $142) 17. a5 $16 Qd7 18. Nf1 f6 19. exf6 Bxf6 20. Ne3 $1 Rad8 21. f4 Kh8 22. Ba3 Be7 23. Bc1 Bf6 $1 24. Bd2 Re7 25. Qf3 Qe8 26. Qf2 Qd7 27. f5 Bf7 28. Ng4 Rde8 $2 (28... h5) 29. Nxf6 $18 gxf6 30. g4 Rxe1+ 31. Rxe1 ({Don't play} 31. Bxe1 $6 h5 $16) 31... Qd8 $2 (31... h5 32. Rxe8 Qxe8 33. gxh5 Nd7) 32. Rxe8 Qxe8 33. g5 fxg5 34. Bxg5 {Strongly threatening Bf6+.} Nd7 35. Qg3 Qf8 36. Qe3 Qa3 37. Qg3 {White threatens Bh6 and mate.} Qf8 $1 38. Bh3 Qg7 39. Bg2 $2 $40 {[%mdl 128] White is up to no good.} ({Better is} 39. Kf2 $18) 39... h6 $2 (39... Qf8 $1 $11 {and Black has nothing to worry.}) 40. Bf4 (40. Bd8 $1 $18 {and the rest is easy.}) 40... Qxg3 {This move loses the game for Black.} (40... Kh7 $16 {is a better defense.} 41. Kf2 Qxg3+ 42. hxg3 (42. Kxg3 b6 $16) 42... b6) 41. hxg3 $16 {[%mdl 4096] Endgame KBB-KBN} ({Not} 41. Bxg3 b6 $14) 41... Kg7 42. Bc7 $1 Kf8 43. g4 Nf6 44. Bf3 Nh7 $2 (44... Ne4 45. Bxe4 dxe4) 45. Kf2 $18 Ng5 46. Bg2 Ne4+ (46... Kg8 {was necessary.} 47. Kg3 Nh7) 47. Bxe4 dxe4 {KB-KB} 48. Ke3 Bd5 49. Kf4 Bc6 50. Ke5 e3 $2 {[#]} (50... Kf7 51. d5 Ba4 52. Kxe4 Ke8) 51. Ke6 $1 Bf3 52. d5 Bxg4 53. Bg3 {White mates.} Bh5 {[#]} 54. d6 $1 Bf7+ 55. Kd7 Be8+ 56. Kc7 Kf7 57. Bh4 {Weighted Error Value: White=0.21/Black=0.45} 1-0

[Event "14th SRB-ch 2020"]
[Site "Vrnjacka Banja"]
[Date "2020.12.12"]
[Round "8.4"]
[White "Budisavljevic, Luka"]
[Black "Cabarkapa, Novak"]
[Result "1-0"]
[WhiteElo "2492"]
[BlackElo "2463"]
[Annotator "RC"]
[PlyCount "121"]
[EventDate "2020.12.07"]
[EventType "tourn"]
[EventCountry "SRB"]
[SourceTitle "playchess.com"]
[Source "ChessBase"]
[SourceQuality "1"]
[TimeControl "40/5400+30:1800+30"]

1. d4 {[%emt 0:00:15]} Nf6 {[%emt 0:00:00]} 2. c4 {[%emt 0:00:11]} g6 {[%emt 0:00:00]} 3. Nc3 {[%emt 0:00:16]} d5 {[%emt 0:00:00]} 4. Nf3 {[%emt 0:00:16]} Bg7 {[%emt 0:00:04]} 5. h4 {[%emt 0:00:33]} dxc4 {[%emt 0:00:46]} 6. e4 {[%emt 0:00:17]} c5 {[%emt 0:01:22]} 7. d5 {[%emt 0:00:23]} b5 {[%emt 0:00:41]} 8. h5 {[%emt 0:00:37]} O-O {[%emt 0:00:40]} 9. hxg6 {[%emt 0:00:13]} fxg6 {[%emt 0:00:20]} 10. e5 {[%emt 0:00:12]} Ng4 {[%emt 0:00:26]} 11. d6 {[%emt 0:00:38]} e6 {[%emt 0:00:20]} 12. Rxh7 {[%emt 0:00:36]} Rf5 {[%emt 0:00:38]} 13. Rh3 {[%emt 0:00:24]} Nc6 {[%emt 0:05:04]} 14. a4 {[%emt 0:00:41]} b4 {[%emt 0:01:20]} 15. Nb5 {[%emt 0:00:57]} Ncxe5 {[%emt 0:08:42]} 16. Nxe5 {[%emt 0:12:53]} Nxe5 {[%emt 0:05:35]} 17. g4 {[%emt 0:02:06]} Rf8 {[%emt 0:12:11]} 18. Be3 {[%emt 0:22:21]} Bb7 {[%emt 0:07:22]} 19. Be2 {[%emt 0:17:40]} Qf6 {[%emt 0:12:29]} 20. Bxc5 {[%emt 0:04:09]} a6 {[%emt 0:10:08]} 21. Nc7 {[%emt 0:01:49]} Rad8 {[%emt 0:00:15]} 22. Qd4 {[%emt 0:11:36]} Rf7 {[%emt 0:06:29]} 23. f4 {[%emt 0:10:08]} Nd3+ {[%emt 0:09:35]} 24. Bxd3 {[%emt 0:00:05]} Qxd4 {[%emt 0:02:36]} 25. Bxd4 {[%emt 0:00:02]} Bxd4 {[%emt 0:03:10]} 26. Bxc4 {[%emt 0:01:22]} Rxd6 {[%emt 0:01:27]} 27. Bxe6 {[%emt 0:07:27]} Bxb2 {[%emt 0:01:21]} 28. Rd1 {[%emt 0:01:14]} Rxd1+ 29. Kxd1 {[%emt 0:00:01]} Bc8 {[%emt 0:03:03]} 30. Bxf7+ {[%emt 0:00:59]} Kxf7 {[%emt 0:00:05]} 31. Rg3 {[%emt 0:02:34]} g5 {[%emt 0:01:23]} 32. Nd5 {[%emt 0:02:00]} gxf4 {[%emt 0:03:51]} 33. Nxf4 {[%emt 0:00:28]} Be5 {[%emt 0:02:17]} 34. Kc2 {[%emt 0:00:01]} Bb7 {[%emt 0:01:01]} 35. Rg1 {[%emt 0:00:38]} a5 {[%emt 0:00:40]} 36. Nd3 {[%emt 0:01:03]} Bg7 {[%emt 0:01:26]} 37. Rf1+ {[%emt 0:00:31]} Ke7 {[%emt 0:00:54]} 38. Rf5 {[%emt 0:00:48]} b3+ {[%emt 0:00:26]} 39. Kd2 {[%emt 0:00:28]} b2 {[%emt 0:00:36]} 40. Nxb2 {[%emt 0:00:25]} Bxb2 {[%emt 0:00:37]} 41. Rb5 {[%emt 0:30:13]} Bc6 {[%emt 0:01:32]} 42. Rxb2 {[%emt 0:00:00]} Bxa4 {[%emt 0:02:36]} 43. Ke3 {[%emt 0:00:00]} Bd1 {[%emt 0:05:15]} 44. Kf4 {[%emt 0:00:00]} a4 {[%emt 0:00:45]} 45. Rb6 {[%emt 0:00:00]} Be2 {[%emt 0:07:56]} 46. Kf5 {[%emt 0:00:00]} Bd3+ {[%emt 0:02:41]} 47. Ke5 {[%emt 0:00:00]} Kf7 {[%emt 0:00:23]} 48. Rb7+ {[%emt 0:00:00]} Kg6 {[%emt 0:00:25]} 49. Kf4 {[%emt 0:00:00]} Be2 {[%emt 0:03:13]} 50. Rb4 {[%emt 0:00:00]} Bd1 {[%emt 0:00:11]} 51. Rb6+ {[%emt 0:00:00]} Kf7 {[%emt 0:00:21]} 52. Kg5 {[%emt 0:00:00]} Ke7 {[%emt 0:00:47]} 53. Kf4 {[%emt 0:00:00]} Be2 {[%emt 0:01:07]} 54. g5 {[%emt 0:00:00]} Bd3 {[%emt 0:01:18]} 55. Rb7+ {[%emt 0:00:00]} Ke6 {[%emt 0:01:26]} 56. Ra7 {[%emt 0:00:57]} Bc2 {[%emt 0:01:33]} 57. Rc7 {[%emt 0:02:18]} Bb1 {[%emt 0:02:01]} 58. Ra7 {[%emt 0:02:00]} Bc2 {[%emt 0:00:07]} 59. Kg4 {[%emt 0:01:16]} Bd1+ {[%emt 0:01:29]} 60. Kh4 {[%emt 0:00:17]} Be2 {[%emt 0:02:32]} 61. g6 {[%emt 0:02:07]} 1-0

[Event "14th SRB-ch 2020"]
[Site "Vrnjacka Banja"]
[Date "2020.12.12"]
[Round "8.5"]
[White "Ivanisevic, Ivan"]
[Black "Damljanovic, Branko"]
[Result "1-0"]
[WhiteElo "2608"]
[BlackElo "2513"]
[Annotator "TA RC"]
[PlyCount "85"]
[EventDate "2020.12.07"]
[EventType "tourn"]
[EventCountry "SRB"]
[SourceTitle "playchess.com"]
[Source "ChessBase"]
[SourceQuality "1"]

{[%evp 14,85,38,27,41,8,23,0,61,62,53,54,74,69,52,56,42,39,38,47,47,40,39,51,43,29,29,22,18,10,29,16,31,0,-6,-6,-8,-11,0,0,7,0,14,0,0,-7,0,0,0,3,33,33,53,27,36,38,146,138,234,231,245,238,246,254,314,321,322,324,341,323,331,313,367,290]} 1. d4 Nf6 2. c4 g6 3. Nc3 Bg7 4. e4 d6 5. Be2 O-O 6. Nf3 e5 7. O-O Na6 8. Rb1 Bg4 {E94: King's Indian: Classical: 6 Be2 e5 7 0-0: Various Black 7th moves.} 9. dxe5 {[#]} dxe5 $146 ({Predecessor:} 9... Bxf3 10. Bxf3 dxe5 11. Bg5 c6 12. b4 Qe7 13. Qb3 Rfd8 14. Rfd1 Bf8 15. a3 Nc7 16. Rxd8 Rxd8 {½-½ (40) Munkhchuluun,T (2040)-Winslow,E (2222) San Francisco 2017}) 10. b4 {[%cal Bb2b4,Bb4b5][%mdl 32]} c5 (10... c6 $11) 11. a3 $14 ({Don't play} 11. Nxe5 Bxe2 12. Nxe2 (12. Qxe2 cxb4 13. Nb5 Qe7 $15) 12... cxb4 $15) 11... Qxd1 12. Rxd1 Rfc8 13. Be3 ({But not} 13. Nxe5 Bxe2 14. Nxe2 cxb4 $11) 13... Bf8 {[%cal Rc5b4]} 14. b5 {[#] Bg5 is the strong threat.} Nc7 15. Nxe5 Bxe2 16. Nxe2 Nxe4 17. Nd7 {Strongly threatening f3.} Ne8 18. Nxf8 Kxf8 19. f3 N4d6 20. Rbc1 b6 21. Nf4 Nf5 22. Bf2 Rd8 23. g4 (23. Nd5 {keeps more tension.} Rd6 24. g4 Ne7 25. Bg3 Rd7 26. Ne3) 23... Rxd1+ 24. Rxd1 Nfd6 25. Rc1 h6 26. a4 Nb7 27. Be1 Ned6 28. Nd5 Rd8 29. Nc7 Ne8 30. Nd5 Ned6 31. Ne3 Nc8 32. Kf2 Ne7 33. Ke2 f6 34. a5 Ra8 ({Black should try} 34... bxa5 $14 35. Ra1 Rd7) 35. Ra1 {aiming for axb6.} bxa5 (35... Re8 $16 {is a better defense.} 36. axb6 axb6) 36. Bxa5 $18 a6 {With the idea ...axb5.} 37. Bc3 a5 38. Bxf6 Nc8 39. Nd5 Kf7 40. Be5 Ne7 41. Nb6 Rd8 42. f4 Ke6 43. Re1 {Weighted Error Value: White=0.06/Black=0.21} 1-0

[Event "14th SRB-ch 2020"]
[Site "Vrnjacka Banja"]
[Date "2020.12.13"]
[Round "9.1"]
[White "Damljanovic, Branko"]
[Black "Lajthajm, Borko"]
[Result "1/2-1/2"]
[WhiteElo "2513"]
[BlackElo "2383"]
[Annotator "TA"]
[PlyCount "120"]
[EventDate "2020.12.07"]
[EventType "tourn"]
[EventCountry "SRB"]
[SourceTitle "playchess.com"]
[Source "ChessBase"]
[SourceQuality "1"]

{[%evp 14,120,23,22,25,23,23,16,28,23,47,41,52,50,68,62,67,58,74,74,72,81,78,75,86,81,104,31,35,29,39,39,36,36,31,10,17,4,28,27,26,23,22,23,33,25,26,26,39,22,38,0,10,11,14,13,29,13,13,13,20,13,13,13,13,0,12,12,20,20,20,20,20,0,20,5,20,0,8,0,0,0,0,0,0,0,0,0,0,0,0,0,0,0,0,0,0,0,0,0,0,0,0,0,0,0,0,0,0]} 1. d4 d5 2. c4 c6 3. Nf3 Nf6 4. Nc3 g6 5. e3 Bg7 6. Bd3 O-O 7. O-O a6 8. h3 b5 {D94: Grünfeld: 4 Nf3 Bg7 5 e3.} 9. b3 Nbd7 10. Qc2 Bb7 11. c5 Qc7 12. Bb2 Rfe8 13. Ne2 {[#]} Nf8 $146 ({Predecessor:} 13... a5 14. a3 Nf8 15. Ne5 N8d7 16. f4 a4 17. b4 e6 18. Nc3 Rec8 19. Rac1 Qd8 {1-0 (32) Hoebel,H (2179)-Zeh,K (2038) GER email 2010}) 14. Nd2 a5 15. a3 {[%cal Ba2a3,Ba3b4][%mdl 32]} N6d7 16. f4 f6 17. b4 axb4 18. axb4 Rxa1 19. Bxa1 f5 20. Nb3 (20. g4 $16) 20... Nf6 $14 21. Bc3 Ra8 22. Na5 Bc8 23. Kh1 Ne6 24. Ra1 Bd7 25. Ng1 {[%cal Be2g1,Bg1f3,Bf3e5][%mdl 32]} Nd8 26. Ra2 Ne4 27. Be1 Bf6 28. Nf3 Kg7 29. Qd1 h6 30. Ne5 Be6 31. Qa1 Bxe5 32. fxe5 Nf7 33. Nb3 Rxa2 34. Qxa2 g5 (34... Bd7 {is interesting.} 35. Qa6 Nd8 36. Kg1 Qb8 37. Na5 Be8) 35. Qa8 (35. Nd2 {keeps more tension.} Nd8 36. Qa1 Qd7 37. Kg1 Bf7 38. Bc2) 35... Qc8 {The position is equal.} 36. Qxc8 Bxc8 37. Na5 Nd8 38. Be2 Bd7 39. g4 fxg4 40. hxg4 Kf7 41. Kg2 Ke6 42. Bf3 Be8 43. Be2 Kd7 44. Kh3 Ne6 45. Kg2 Ng7 46. Kh3 h5 47. gxh5 Bxh5 48. e6+ Kc7 49. Bxh5 Nxh5 $11 {[%mdl 4096] Endgame KBN-KNN} 50. Kg4 Ng7 51. Bg3+ Nxg3 52. Kxg3 Nxe6 {KN-KN} 53. Kg4 Kd7 54. Nb3 $1 Nc7 55. Nc1 Ne8 56. Nd3 Nf6+ 57. Kxg5 Ne4+ 58. Kf4 Nc3 59. Ne5+ Kc7 60. Nd3 Kd7 {Weighted Error Value: White=0.06/Black=0.06} 1/2-1/2

[Event "14th SRB-ch 2020"]
[Site "Vrnjacka Banja"]
[Date "2020.12.13"]
[Round "9.2"]
[White "Cabarkapa, Novak"]
[Black "Ivanisevic, Ivan"]
[Result "0-1"]
[WhiteElo "2463"]
[BlackElo "2608"]
[Annotator "TA"]
[PlyCount "42"]
[EventDate "2020.12.07"]
[EventType "tourn"]
[EventCountry "SRB"]
[SourceTitle "playchess.com"]
[Source "ChessBase"]
[SourceQuality "1"]

{[%evp 9,42,0,37,27,21,16,44,39,39,12,63,33,89,71,72,70,112,56,38,-214,-207,-204,-203,-183,-206,-206,-206,-335,-281,-694,-668,-706,-698,-767,-747]} 1. d4 Nf6 2. Nc3 d5 3. Bf4 g6 4. e3 Bg7 5. h4 O-O 6. h5 {D00: 1 d4 d5: Unusual lines.} c5 7. hxg6 fxg6 8. dxc5 {White is slightly better.} Nc6 9. Nf3 Bg4 {[#]} (9... Qa5 $11) 10. Qd3 $146 ({Predecessor:} 10. Qd2 Qa5 11. Ne5 Rad8 12. f3 Be6 13. Nxc6 bxc6 14. Ne2 Qa4 15. Qd4 Qa5+ 16. b4 {1-0 (30) Mueller,D (2252)-Schulz,L (2293) Magdeburg 2020}) 10... b6 ({Black should try} 10... Nh5 $14) 11. O-O-O {[%cal Rc3d5]} Nb4 12. Qb5 bxc5 13. Qxc5 (13. a3 $16 a5 14. Qxc5 (14. axb4 axb4 15. Nb1 Ra1 $11)) 13... a5 $14 {...Rc8 is the strong threat.} 14. Qc7 $2 {[%mdl 8192] Now White is beyond hope.} (14. Bc7 $14 Qc8 15. a3 (15. Nxd5 Nfxd5 16. Rxd5 Nxd5 $11) (15. Qxe7 $2 Rf7 $19)) 14... Qxc7 $19 15. Bxc7 {[#]} Rfc8 $1 {[%cal Rc8c7]} 16. Be5 Ne4 {aiming for ...Bxe5.} 17. Bxg7 Kxg7 18. Nxe4 (18. a3 $142 Nxc3 19. bxc3 Na2+ 20. Kd2) 18... dxe4 19. Rd4 $2 (19. Rh4 h5 20. Rxg4 Rxc2+ 21. Kb1 hxg4 22. Ng5 Rxf2 23. Nxe4) 19... Rxc2+ {Black is clearly winning.} 20. Kb1 Rac8 {[%csl Gc8][%cal Rc2c1] [#]} 21. Bb5 Be6 {Weighted Error Value: White=0.63/Black=0.14} 0-1

[Event "14th SRB-ch 2020"]
[Site "Vrnjacka Banja"]
[Date "2020.12.13"]
[Round "9.3"]
[White "Todorovic, Goran M"]
[Black "Budisavljevic, Luka"]
[Result "1-0"]
[WhiteElo "2417"]
[BlackElo "2492"]
[Annotator "RC"]
[PlyCount "67"]
[EventDate "2020.12.07"]
[EventType "tourn"]
[EventCountry "SRB"]
[SourceTitle "playchess.com"]
[Source "ChessBase"]
[SourceQuality "1"]
[TimeControl "40/5400+30:1800+30"]

1. e4 {[%emt 0:00:00]} c5 {[%emt 0:00:56]} 2. Nf3 {[%emt 0:00:00]} a6 {[%emt 0:00:44]} 3. Nc3 {[%emt 0:02:26]} e6 {[%emt 0:00:14]} 4. d4 {[%emt 0:01:18]} cxd4 {[%emt 0:00:08]} 5. Nxd4 {[%emt 0:00:05]} b5 {[%emt 0:00:06]} 6. Bd3 {[%emt 0:00:12]} Qb6 {[%emt 0:00:33]} 7. Nb3 {[%emt 0:00:17]} Qc7 {[%emt 0:00:06]} 8. Qf3 {[%emt 0:00:39]} b4 {[%emt 0:14:52]} 9. Nb1 {[%emt 0:04:45]} Nc6 {[%emt 0:01:54]} 10. O-O {[%emt 0:02:49]} Nf6 {[%emt 0:08:39]} 11. a3 {[%emt 0:02:49]} Bb7 {[%emt 0:02:04]} 12. axb4 {[%emt 0:04:53]} Bxb4 {[%emt 0:01:14]} 13. Qe2 {[%emt 0:04:06]} O-O {[%emt 0:04:38]} 14. Bg5 {[%emt 0:05:13]} Be7 {[%emt 0:00:46]} 15. Nc3 {[%emt 0:00:15]} Ne5 {[%emt 0:06:04]} 16. Na5 {[%emt 0:10:47]} Rab8 {[%emt 0:16:41]} 17. f4 {[%emt 0:10:30]} Nxd3 {[%emt 0:00:58]} 18. cxd3 {[%emt 0:00:08]} d5 {[%emt 0:02:48]} 19. e5 {[%emt 0:03:04]} Bc5+ {[%emt 0:00:56]} 20. Kh1 {[%emt 0:00:07]} Nd7 {[%emt 0:00:29]} 21. Nb3 {[%emt 0:13:40]} Ba8 {[%emt 0:04:29]} 22. Nxc5 {[%emt 0:04:45]} Nxc5 {[%emt 0:00:19]} 23. d4 {[%emt 0:02:27]} Nb3 {[%emt 0:01:36]} 24. Rad1 {[%emt 0:00:41]} Rb4 {[%emt 0:00:53]} 25. Qf2 {[%emt 0:01:51]} Qa7 {[%emt 0:06:53]} 26. f5 {[%emt 0:02:00]} exf5 {[%emt 0:03:24]} 27. Rd3 {[%emt 0:02:00]} Re8 {[%emt 0:04:39]} 28. Rfd1 {[%emt 0:05:18]} Na5 {[%emt 0:07:53]} 29. Qh4 {[%emt 0:05:09]} Qb6 {[%emt 0:03:14]} 30. Rg3 {[%emt 0:03:02]} Kh8 {[%emt 0:01:33]} 31. Bf6 {[%emt 0:01:31]} gxf6 {[%emt 0:00:40]} 32. Qh6 {[%emt 0:00:30]} Rg8 {[%emt 0:00:22]} 33. Rxg8+ {[%emt 0:09:13]} Kxg8 {[%emt 0:05:45]} 34. exf6 {[%emt 0:00:00]} 1-0